Score 0/15 Timer 03:00
2 Plays Today
5-letter Clue Words % Correct
House of Cho Chang and Filius FlitwickRAVENCLAW
86.9%
House of Draco Malfoy and Severus SnapeSLYTHERIN
69.5%
Comedy troupe ____ PythonMONTY - BELT
69.4%
January, February, or August, for exampleMONTH - BEAT
66.6%
CashMONEY - MELT
66.1%
Yap, trap, gob, or pie holeMOUTH - BRAT
61%
Slow-moving rainforest mammal, or a Deadly SinSLOTH - ERIE
59.3%
Impressionist painter of 'Water Lilies'MONET - MOLT
55.9%
5-letter Clue Words % Correct
With a halo of hair around the head, like a lionMANED - GOLD
50.3%
Romantic and Impressionist painter of 'A Bar at the Folies-Bergère'MANET - MOLD
48.6%
With a topping of asphalt or concretePAVED - GLAD
47.2%
Direction opposite northSOUTH - BRAE
44.9%
Made of small plates of glass, such as a windowPANED - GOAD
44.9%
Enthusiastically endorsedRAVED - CLAD
44.5%
Truth, archaicallySOOTH - BRIE
41%

Today's Daily Dose

Remove Ads.
Support Sporcle.
Get the best of Sporcle when you Go Orange. This ad-free experience offers more features, more stats, and more fun while also helping to support Sporcle. Thank you for becoming a member.

You're not logged in!

Compare scores with friends on all Sporcle quizzes.
OR
Log In

Show Comments

Extras

Top Quizzes Today


Score Distribution

Your Account Isn't Verified!

In order to create a playlist on Sporcle, you need to verify the email address you used during registration. Go to your Sporcle Settings to finish the process.

Report this User

Report this user for behavior that violates our Community Guidelines.

Details: